01242nac a22002897a 4500001001000000003000900010005001700019008003400036040005400070072000800124090001900132100002100151100001800172110009100190245010300281246010600384260003700490300000900527490012700536650002000663650002800683650001200711909004700723942001700770999001900787952014600806BR8400023BR-BrBNA20240105115920.0230509b bl.|||m| |||| 00| 0 por d aBR-BrBNAbporcBiblioteca Nacional de Agricultura aF30 a1440 BR84000231 aCordeiro, A.C.C.1 aAlves, A.A.C.1 aUnidade de Execucao de Pesquisa de Ambito Territorial de Boa Vista, RR (Brasil)9103911 aCompeticao de cultivares ramadoras de caupi em area de mata de Roraima [Vigna unguiculata, Brasil]1 a[Comparison of branching cultivars of cowpea in the mata of Roraima area [Vigna unguiculata, Brazil]]3 aBoa Vista, RR (Brasil): c1983.  a3 p. aPesquisa em Andamento - Unidade de Execucao de Pesquisa de Ambito Territorial de Boa Vista (Brazil)vno. 2xISSN 0101-8639 aFEIJAO DE CORDA aCOMPETICAO DE VARIEDADE aRORAIMA a202312bLúcia Elandec55dLúcia Elande 2AGRISn0cMS c277058d277058 002AGRIS40708Acervo Gerala41918b41918cAGROBASEl0o1440 BR8400023p1440 BR8400023r2023-12-18yMSePortaria Interministerial nº 164/94